000 00581nam a2200193Ia 4500
008 191130s1926##################000#0#eng##
022 _a26013795
040 _aACL
_cACL
082 _a823.912 CHR
100 _aChristie, Agatha
245 _aThe murder of Roger Ackroyd
260 _aNew York
_bDodd, Mead and company
_c1926
300 _avii p., 1 l., 368 p. 20 cm
650 _aPoirot, Hercule (Fictitious character) - Fiction
650 _aPrivate investigators - England - Fiction
990 _a2c67996dac10000c1901e3e30bd0ac1e
991 _a401921
999 _c397884
_d397884